Hormonas /
Guardado en:
| Autor Principal: | |
|---|---|
| Formato: | |
| Series: | El cuerpo humano
|
| Materias: | |
| Etiquetas: |
Agregar Etiqueta
Sin Etiquetas, Sea el primero en etiquetar este registro!
|
| LEADER | 00953ngm a22002775g 4500 | ||
|---|---|---|---|
| 001 | CEM.cems021762 | ||
| 008 | 130507b1993##################0###0#####d | ||
| 005 | 20240909155936.0 | ||
| 245 | 1 | 0 | |a Hormonas / |c TRANSTEL. |
| 300 | |a 27 | ||
| 490 | 0 | |a El cuerpo humano | |
| 500 | |a En soporte VHS, consultar en ventanilla. | ||
| 505 | 0 | |a Diferencias biológicas humanas. Diabetes: acción de la insulina. Energía celular. Adrenalina. Hormonas: determinación del sexo, crecimiento, reacción ante el peligro, desdoblamiento. Etc. | |
| 538 | |a Soporte: VHS - Norma: Pal N - Color - Grabación DRD 1993 - Hitachi=3472 | ||
| 100 | 1 | |a TRANSTEL. | |
| 082 | 6 | 1 | |/ TRA |
| 653 | |a ANATOMIA | ||
| 653 | |a FISIOLOGIA | ||
| 653 | |a ENFERMEDADES | ||
| 653 | |a DIABETES | ||
| 653 | |a HORMONAS | ||
| 653 | |a ADRENALINA | ||
| 653 | |a BIOLOGIA | ||
| 653 | |a ENFERMEDADES | ||
| 653 | |a INSULINA | ||
| 859 | |a CEMS |b BIB. CEMS - Depto. Recursos Didacticos |h 611 |i TRA |k DRD |p 405.12 |t Ej.1 | ||
